Statistics for Fast & Furious Movies

Click here to take the quiz!

General Stats

  • This quiz has been taken 37 times
  • The average score is 7 of 11

Answer Stats

YearMovie% Correct
2009Fast & Furious
97%
2023Fast X
76%
2006The Fast and the Furious: Tokyo Drift
73%
20032 Fast 2 Furious
70%
2001The Fast and the Furious
70%
2011Fast Five
67%
2013Fast & Furious 6
64%
2019Fast & Furious Presents: Hobbs & Shaw
55%
2015Furious 7
52%
2017The Fate of the Furious
52%
2021F9: The Fast Saga
45%

Score Distribution

Percentile by Number Answered

Percent of People with Each Score

Your Score History

You have not taken this quiz